Materiales de construcción . Tomo I
Gorde:
| Egile nagusia: | |
|---|---|
| Formatua: | Liburua |
| Hizkuntza: | Spanish |
| Argitaratua: |
Santiago , Chile : Editorial Universitaria
1956
|
| Gaiak: | |
| Etiketak: |
Etiketa erantsi
Etiketarik gabe, Izan zaitez lehena erregistro honi etiketa jartzen!
|
MARC
| LEADER | 00000nam a2200000Ia 4500 | ||
|---|---|---|---|
| 003 | 002190 | ||
| 005 | 20221231143959.0 | ||
| 008 | 140114s1956 cl a 000 ||spa d | ||
| 040 | |c cru CEDI | ||
| 082 | |a 620.1 A284m | ||
| 100 | |a Aguirre S, Eduardo |9 21367 | ||
| 245 | |a Materiales de construcción . Tomo I | ||
| 260 | |a Santiago , Chile : Editorial Universitaria |c 1956 | ||
| 300 | |a 342 páginas : ilustraciones | ||
| 500 | |a A la cabeza de la portada Universidad de Chile. Escuela de Ingeniería | ||
| 650 | |x RESISTENCIA DE MATERIALES |x RESISTENCIA DE MATERIALES |9 21368 | ||
| 942 | |2 ddc |c BK | ||
| 999 | |c 15124 |d 15124 | ||
